207生活圏ゾーン - Statistics

General Stats
  • This quiz has been taken 264 times
  • The average score is 52 of 207
Answer Stats
都道府県 生活圏No. 生活圏 % Correct
北海道(道央) 491 札幌
91%
北海道(道北) 11 旭川
87%
北海道(道北) 13 稚内
86%
北海道(道東) 481 釧路
78%
北海道(道南) 501 函館
78%
北海道(道央) 492 苫小牧
72%
北海道(道東) 483 根室
70%
青森県 21 青森
69%
北海道(道東) 482 帯広
67%
北海道(道央) 494 室蘭
67%
北海道(道北) 14 留萌
59%
北海道(道北) 17 富良野
54%
北海道(道央) 495 岩見沢
54%
岩手県 31 盛岡
54%
北海道(道北) 15 紋別
51%
宮城県 41 仙台
51%
北海道(道央) 496 滝川
49%
福島県 71 福島
48%
山形県 61 山形
45%
福島県 73 郡山
45%
福島県 72 いわき
44%
福島県 74 会津
43%
栃木県 91 宇都宮
43%
北海道(道央) 497 深川
41%
青森県 23 津軽
41%
宮城県 42 石巻
41%
千葉県 121 千葉
41%
神奈川県 141 横浜
41%
愛知県 231 名古屋
41%
新潟県 151 新潟
39%
大阪府 271 大阪
39%
神奈川県 142 川崎
38%
富山県 161 富山
38%
青森県 22 南部
36%
長野県 201 長野
36%
岐阜県 211 岐阜
36%
滋賀県 251 南部
36%
京都府 265 南部
36%
徳島県 363 南部
36%
沖縄県 471 南部
36%
新潟県 152 長岡
35%
長野県 202 松本
35%
福岡県 401 福岡
35%
北海道(道南) 502 江差
34%
岩手県 34 宮古
34%
山形県 63 米沢
34%
山形県 64 新庄
34%
神奈川県 143 相模原
34%
京都県 261 京都
34%
兵庫県 281 神戸
34%
広島県 341 広島
34%
鹿児島県 461 鹿児島
34%
和歌山県 301 和歌山
33%
佐賀県 411 佐賀
33%
熊本県 431 熊本
33%
宮崎県 451 宮崎
33%
栃木県 94 日光
32%
栃木県 95 那須
32%
新潟県 153 上越
32%
富山県 162 高岡
32%
愛知県 233 豊田
32%
大阪府 272
32%
奈良県 291 奈良
32%
島根県 321 松江
32%
島根県 322 出雲
32%
徳島県 361 徳島
32%
愛媛県 381 松山
32%
福岡県 402 北九州
32%
長崎県 421 長崎
32%
青森県 24 下北
31%
福島県 76 白河
31%
埼玉県 114 秩父
31%
神奈川県 144 小田原
31%
静岡県 222 西部
31%
静岡県 223 東部
31%
鳥取県 311 東部
31%
鳥取県 312 西部
31%
山口県 351 山口
31%
山口県 352 下関
31%
大分県 441 大分
31%
千葉県 124 成田
30%
東京都 132 多摩
30%
岐阜県 212 大垣
30%
静岡県 221 中部
30%
滋賀県 253 中部
30%
京都府 263 北部
30%
鳥取県 313 中部
30%
長崎県 422 佐世保
30%
沖縄県 472 中部
30%
沖縄県 473 北部
30%
山形県 62 庄内
29%
長野県 203 上田
29%
茨城県 82 土浦
28%
長野県 204 飯田
28%
岐阜県 215 飛騨
28%
島根県 324 浜田
28%
愛媛県 383 今治
28%
愛媛県 384 宇和島
28%
新潟県 157 佐渡
27%
山口県 354 岩国
27%
佐賀県 412 唐津
27%
宮崎県 453 延岡
27%
埼玉県 111 浦和
26%
埼玉県 112 川越
26%
千葉県 122 船橋
26%
石川県 171 加賀
26%
兵庫県 285 淡路
26%
和歌山県 303 新宮
26%
新潟県 155 魚沼
25%
山口県 353 宇部
25%
新潟県 156 村上
24%
島根県 323 益田
24%
島根県 325 大田
24%
山口県 356
24%
長崎県 425 対馬
24%
長崎県 426 壱岐
24%
富山県 164 砺波
23%
和歌山県 302 田辺
23%
長崎県 423 五島
23%
熊本県 433 天草
23%
京都県 262 宇治
22%
山口県 355 徳山
22%
兵庫県 286 丹波
21%
高知県 391 中央
21%
大分県 444 佐伯
21%
茨城県 84 鹿嶋
20%
福井県 181 嶺北
20%
福井県 183 嶺南
20%
兵庫県 282 尼崎
20%
福岡県 404 筑豊
20%
東京都 131 23区
20%
兵庫県 283 播磨
19%
岡山県 331 県南
19%
岡山県 332 津山
19%
鹿児島県 463 大隈
19%
三重県 244 伊賀
18%
兵庫県 284 但馬
17%
宮崎県 454 日南
17%
北海道(道央) 498 静内
16%
宮城県 43 古川
16%
大阪府 273 東大阪
16%
徳島県 362 三好
16%
高知県 394 安芸
15%
大阪府 274 豊中
13%
広島県 342 備後
13%
三重県 243 伊勢志摩
12%
京都府 264 亀岡
12%
岐阜県 213 東濃
10%
東京都 133 大島
9%
熊本県 434 球磨
9%
鹿児島県 464 大島
9%
三重県 242 北勢
8%
北海道(道北) 12 北網走
7%
北海道(道北) 16 名士
7%
愛知県 232 東三河
7%
福島県 75 相双
6%
群馬県 101 前橋・高崎
6%
富山県 163 新川
6%
山梨県 191 国中
6%
三重県 245 東紀州
6%
石川県 173 能登北部
5%
山梨県 192 郡内
5%
山梨県 193 峡北
5%
高知県 392 幡多
5%
鹿児島県 465 南薩
5%
北海道(道央) 493 小樽・倶知安
4%
茨城県 81 水戸・日立
4%
栃木県 92 足利・佐野
4%
栃木県 93 栃木・小山
4%
新潟県 154 三条・燕
4%
石川県 172 能登中部
4%
岐阜県 214 可茂
4%
滋賀県 252 東北部
4%
奈良県 292 南和
4%
広島県 343 備北
4%
香川県 371 香川東部
4%
香川県 372 香川西部
4%
愛媛県 382 新居浜・西条
4%
福岡県 403 久留米・大牟田
4%
鹿児島県 466 熊毛
4%
岩手県 32 北上中部
3%
岩手県 33 両磐
3%
岩手県 35 釜石・大船渡
3%
秋田県 51 秋田臨海
3%
秋田県 52 米代川上流
3%
秋田県 53 米代川下流
3%
秋田県 54 雄物川流域
3%
茨城県 83 下館・古河
3%
群馬県 102 桐生・太田
3%
群馬県 103 渋川・吾妻
3%
群馬県 104 沼田・利根
3%
埼玉県 113 児玉・大里
3%
千葉県 123 安房・君津
3%
福井県 182 南越
3%
長野県 205 諏訪・伊那
3%
三重県 241 中南勢
3%
愛媛県 385 八幡浜・大洲
3%
高知県 393 高幡
3%
佐賀県 413 伊万里・北松
3%
長崎県 424 伊万里・北松
3%
熊本県 432 八代・芦北
3%
大分県 442 周防灘
3%
大分県 443 日田・玖珠
3%
宮崎県 452 都城・北諸県
3%
宮崎県 455 小林・西諸県
3%
鹿児島県 462 川北薩・串木野
3%
沖縄県 474 宮古・八重山
3%
No matching quizzes found
Score Distribution
Percent of People with Each Score
Percentile by Number Answered
Your Score History
You have not taken this quiz